Price Bubbles Occurrence in Cryptocurrency Market: Evidence of Bitcoin and Ethereum

Skúmanie existencie cenových bublín na kryptomenových trhoch dvoch najdominantnejších aktív – Bitcoinu a Etherea. Determinanty cenových bublín. Algoritmus detekcie cenových bublín.

Saved in:
Bibliographic Details
Main Author: Sieber, Jakub, 1992-
Other Authors: Závadský, Cyril, 1971-
Format: Book Chapter
Language:English
Subjects:
Tags: Add Tag
No Tags, Be the first to tag this record!

MARC

LEADER 00000naa$a2200000$$$4500
001 0281251
005 20240502074355.4
041 0 |a eng 
044 |a SK 
245 1 0 |a Price Bubbles Occurrence in Cryptocurrency Market: Evidence of Bitcoin and Ethereum  |c Jakub Sieber, Cyril Závadský 
520 |a Skúmanie existencie cenových bublín na kryptomenových trhoch dvoch najdominantnejších aktív – Bitcoinu a Etherea. Determinanty cenových bublín. Algoritmus detekcie cenových bublín. 
610 2 0 |a mena virtuálna 
610 2 0 |a bubliny finančné 
610 2 0 |a trh finančný 
100 1 |a Sieber, Jakub, 1992- 
700 1 |a Závadský, Cyril, 1971-